Chemical reactor theory : a review : dedicated to the memory of Richard H. Wilhelm ... /
Guardado en:
| Otros Autores: | , , |
|---|---|
| Formato: | Libro |
| Idioma: | English |
| Publicado: |
Englewood Cliffs, N.J. :
Prentice-Hall,
c1977.
|
| Materias: | |
| Etiquetas: |
Agregar Etiqueta
Sin Etiquetas, Sea el primero en etiquetar este registro!
|
| LEADER | 01908pam a22002655a 4500 | ||
|---|---|---|---|
| 001 | EIQ.libpla003389 | ||
| 008 | 770321s1977####njua#####b####000#0#eng#d | ||
| 005 | 20071227181724.0 | ||
| 245 | 0 | 0 | |a Chemical reactor theory : |b a review : dedicated to the memory of Richard H. Wilhelm ... / |c editors, Leon Lapidus and Neal R. Amundson. |
| 260 | |a Englewood Cliffs, N.J. : |b Prentice-Hall, |c c1977. | ||
| 300 | |a viii, 856 p. : |b il. ; |c 25 cm. | ||
| 504 | |a Incluye referencias bibliográficas. | ||
| 505 | 0 | |a [Feinberg, M. R.] Mathematical aspects of mass action kinetics. -- [Aris, R. and Varma, A.] Stirred pots and empty tubes. -- [Carberry, J. J.] Catalysis and catalytic kinetics. -- [Luss, D.] Steady state and dynamic behavior of the single catalytic pellet. -- [Szekely, J.] Reactions between porous solids and gases. -- [Hlavacek, V. and Votruba, J.] Steady state operation of fixed bed reactors and monolithic structures. -- [Frederickson, A. G. and Tsuchiya, H. M.] Microbial kinetics and dynamics. -- [Ollis. D. F.] Biological reactor systems. -- [Ray, W. H. and Laurence, R. L.] Polymerization reaction engineering. -- [Davidson, J. F. and Harrison, D.] The two-phase theory of fluidization. -- [Bukur, D. and Amundson, N. R.] Some model studies of fluidized bed reactors. -- [Bailey, J. E.] Periodic phenomena. -- [Lapidus, L. and Padmanabhan.] Control of chemical reactors. | |
| 020 | |a 0131287109 | ||
| 700 | 1 | |a Wilhelm, Richard Herman, |d 1909-1968. | |
| 700 | 1 | |a Lapidus, Leon., |e ed. |4 edt | |
| 700 | 1 | |a Amundson, Neal Russell, |d 1916-, |e ed. |4 edt | |
| 082 | 0 | 0 | |a 660.2/844 |
| 650 | 4 | |a Reactores químicos |x Teoría. | |
| 650 | 4 | |a Chemical reactors |x Theory. | |
| 600 | 1 | 0 | |a Wilhelm, Richard Herman, |d 1909-1968. |
| 010 | |a 77004677 | ||
| 040 | |a DLC |c DLC |d AR-BbSID | ||
| 859 | |a AR-BbSID |b BIB. PLAPIQUI |h 660.2 |i Ch 94 |p 1653 |t Ej. 1 |v Ej. 1 | ||
| 859 | |a AR-BbSID |b BIB. PLAPIQUI |h 660.2 |i Ch 94 |p 1654 |t Ej. 2 |v Ej. 2 | ||
